European Tennis Players - Sudden Death - Statistics

General Stats
  • This quiz has been taken 318 times
    282 since last reset
  • The average score is 11 of 36
Answers on the Grid
Answers color-coded by a green-red scale on the quiz's grid according to % correct below.
Serena Williams
Maria Sharapova
Ashleigh Barty
Andre Agassi
Justine Henin
Amélie Mauresmo
Rafael Nadal
Dominic Thiem
Elena Rybakina
Stan Wawrinka
Martina Navratilova
Venus Williams
Roger Federer
Lleyton Hewitt
Billie Jean King
Anastasia Myskina
Kim Clijsters
Steffi Graf
Novak Djokovic
Svetlana Kuznetsova
Fred Perry
Margaret Court
Chris Evert
Ana Ivanovic
Andy Roddick
Li Na
René Lacoste
Petra Kvitová
Marat Safin
Marion Bartoli
Carlos Alcaraz
Pete Sampras
Victoria Azarenka
Boris Becker
Sue Barker
Garbiñe Muguruza
Angelique Kerber
Jennifer Capriati
Björn Borg
Jimmy Connors
Guillermo Vilas
Naomi Osaka
Simona Halep
Rod Laver
Caroline Wozniacki
Jannik Sinner
Yevgeny Kafelnikov
Stefan Edberg
Roy Emerson
Andy Murray
Martina Hingis
Lindsay Davenport
Marin Čilić
Coco Gauff
Aryna Sabalenka
Carlos Moyá
Gustavo Kuerten
Ivan Lendl
John McEnroe
Iga Świątek
 
Answer Stats
Answer % Correct
Rafael Nadal
55%
Maria Sharapova
54%
Dominic Thiem
46%
Novak Djokovic
45%
Roger Federer
44%
Stan Wawrinka
44%
Justine Henin
43%
Carlos Alcaraz
41%
Amélie Mauresmo
40%
Andy Murray
34%
Aryna Sabalenka
34%
Björn Borg
34%
Steffi Graf
34%
Boris Becker
33%
Jannik Sinner
33%
Angelique Kerber
31%
Marin Čilić
31%
Petra Kvitová
31%
Caroline Wozniacki
30%
Victoria Azarenka
30%
Iga Świątek
28%
Simona Halep
28%
Kim Clijsters
27%
Svetlana Kuznetsova
26%
Ana Ivanovic
25%
Stefan Edberg
25%
Carlos Moyá
23%
Garbiñe Muguruza
23%
Marat Safin
23%
Marion Bartoli
23%
Yevgeny Kafelnikov
21%
Martina Hingis
20%
Anastasia Myskina
19%
Ivan Lendl
19%
René Lacoste
17%
Sue Barker
9%
No matching quizzes found
Score Distribution
Percent of People with Each Score
Percentile by Number Answered
Your Score History
You have not taken this quiz since the last reset